000 00752nam a2200229Ia 4500
001 643
003 GE_BSU
008 181216s||||||||xx |||||||||||||| ||und||
020 _a5511004669
040 _cGE_BSU
080 _a551.5(075.8)
100 _aკოტარია, ა.
245 _aმეტეოროლოგიის საფუძვლები
245 _cრედ.ა.ხანთაძე;მ.ზახაშვილი
260 _aთბილისი
260 _bთბილისის უნივერსიტეტის გამ–ბა
260 _c1992
300 _a446გვ.
541 _h15ლ.
653 _aმეტეოროლოგიის საფუძვლები
942 _cBK
999 _c34832
_d34832